000
00317nam a22001337a 4500
008
170615b xxu||||| |||| 00| 0 eng d
020
_a
9780582090972
041
_a
eng
080
_2
3 ED
_a
32
100
_a
19
101
_a
SHP
245
_a
THE DEVELOPING BRITISH POLITICAL SYSTEMS
_c
BUDGE.I
942
_2
udc
_c
BK
999
_c
17465
_d
17465